=LDR 00000nam 2200000 4500 =001 INLIS000000000026656 =005 20200810080913 =035 ##$$a 0010-061300000026656 =008 200810################g##########0#ind## =041 ##$$a Ind =082 ##$$a 297.922 =090 ##$$a 2x9.22, Hae u =100 ##$$a Haekal, Muhammad Husain =245 1#$$a Umar Bin Khattab : $b Sebuah telaah mendalam tentang pertumbuhan islam dan kedaulatannya masa itu /$c Muhammad Husain Haekal ; penerjemah Ali Audah =260 ##$$a Jakarta :$b Tintamas,$c 2015 =300 ##$$a xliv, 803 hlm. ; $c 16x24,5 cm. =650 #4$$a Umar Bin Khattab =700 #$$a Audah, Ali =850 ##$$a NBPNMAT =020 ##$$a 978-979-590-055-9 =084 ##$$a 297.922 HAE u =250 ##$$a cet.15 =520 ##$$a Bibliografi : hlm. 771 - =990 ##$$a 21708706 =990 ##$$a 21708706